| 000 | 00443nam a2200193Ia 4500 | ||
|---|---|---|---|
| 008 | 210210b xxu||||| |||| 00| 0 eng d | ||
| 041 | _aeng | ||
| 082 | _a160/16 | ||
| 100 | _aCHATTERJEE (N R) | ||
| 245 |
_aIntermediate logic _bInductive portion |
||
| 260 |
_aCalcutta _bNot Mentioned _c |
||
| 300 | _a231 | ||
| 650 | _aportion | ||
| 650 | _alogic | ||
| 650 | _aIntermediate | ||
| 650 | _aInductive | ||
| 690 | _aLogic | ||
| 906 | _a001125 | ||
| 999 |
_c116001 _d116001 |
||